University Home | Library Home | Institutional Repository

Proceedings. (Record no. 157981)

MARC details
000 -LEADER
fixed length control field 01465cam5a220030101 4500
001 - CONTROL NUMBER
control field qce01773923
005 - DATE AND TIME OF LATEST TRANSACTION
control field 20190826084923.0
008 - FIXED-LENGTH DATA ELEMENTS--GENERAL INFORMATION
fixed length control field 750806s1963 ja 100 0 eng u
010 ## - LIBRARY OF CONGRESS CONTROL NUMBER
LC control number 64005536
035 ## - SYSTEM CONTROL NUMBER
System control number (Sirsi) r15896
035 ## - SYSTEM CONTROL NUMBER
System control number (QCAT)lss00934727
035 ## - SYSTEM CONTROL NUMBER
System control number (UPRA)qce01773923
040 ## - CATALOGING SOURCE
Modifying agency UPRA
050 0# - LIBRARY OF CONGRESS CALL NUMBER
Classification number QD901
Item number .I513 1962
111 2# - MAIN ENTRY--MEETING NAME
Meeting name or jurisdiction name as entry element International Conference on Crystal Lattice Defects (1962 : Tokyo and Kyoto)
Date of meeting or treaty signing International Conference on Crystal Lattice Defects (1962 : Tokyo and Kyoto)
Location of meeting International Conference on Crystal Lattice Defects (1962 : Tokyo and Kyoto)
Linkage A72978.1
245 10 - TITLE STATEMENT
Title Proceedings.
260 ## - PUBLICATION, DISTRIBUTION, ETC.
Place of publication, distribution, etc. [Tokyo] :
Name of publisher, distributor, etc. Physical Society of Japan,
Date of publication, distribution, etc. 1963.
490 0# - SERIES STATEMENT
Series statement Journal of the Physical Society of Japan, v. 18. Supplement 1-3
Linkage S11512.1
500 ## - GENERAL NOTE
General note Organized by the Physical Society of Japan ... [and] held under the auspices of the International Union of Pure and Applied Physics.
504 ## - BIBLIOGRAPHY, ETC. NOTE
Bibliography, etc. note Includes bibliographies.
650 #0 - SUBJECT ADDED ENTRY--TOPICAL TERM
Topical term or geographic name entry element Crystal lattices -- Congresses.
General subdivision Crystal lattices -- Congresses.
Linkage S54404.1
710 2# - ADDED ENTRY--CORPORATE NAME
Corporate name or jurisdiction name as entry element Nihon Butsuri Gakkai.
Linkage A52817.1
710 2# - ADDED ENTRY--CORPORATE NAME
Corporate name or jurisdiction name as entry element International Union of Pure and Applied Physics. (Series: Nippon Butsurigakkai. Journal, v. 18. Supplement 1-3.
Linkage A72979.1
949 ## - LOCAL PROCESSING INFORMATION (OCLC)
a QD901
v VOL. 1
w lcc
i -10684
m MAIN
t BOOK
l ON-SHELF
949 ## - LOCAL PROCESSING INFORMATION (OCLC)
a QD901
v VOL. 2
w lcc
i -10685
m MAIN
t BOOK
l ON-SHELF
949 ## - LOCAL PROCESSING INFORMATION (OCLC)
a QD901
v VOL. 3
w lcc
i -10686
m MAIN
t BOOK
l ON-SHELF

No items available.

© 2026 - The University of Zambia Library - Koha v25.11